000 00892nam a2200241Ia 4500
003 GCL
005 20240530102106.0
008 140319s9999 xx 000 0 ara d
040 _aGCL /
_cGCL
082 0 4 _a301.536
_bم ا
100 0 _aمحمود فهمى الكردى
245 1 0 _aاثر التقانة فى البنية الاجتماعية لمجتمع عربى دراسة حالة لدولة قطر /
_cاعداد محمود فهمى الكردى، اعتماد محمد علام
260 _a[S.N] :
_bمعهد البحوث والدراسات العربية ،
_c1993
300 _a205 ص
650 0 4 _aالثقافة
650 0 4 _aالخليج العربى
650 0 4 _aالاجتماع
650 0 4 _aالتغير الاجتماعى
650 0 4 _aالبناء الاجتماعى
650 0 4 _aقطر
700 1 _aاعتماد محمود علام
942 _2ddc
_cBK
999 _c29753
_d29753